000 00987pab a2200181 454500
008 180718b2003 xxu||||| |||| 00| 0 eng d
100 _aNaidu, M. Kamal
245 _aRole of forests in water resources management
260 _c2003
300 _ap.363-368.
362 _aJul-Sep
520 _aIndia's water resources are characterised by uneven distribution over time and space. Experts are of the opinion that a well-planned forest management policy can arrest run-off quantities to a considerable extent and also reduce the frequency, fury and extent of floods. Afforestation in the catchments area can restore ecological balance and hydrological cycle. With the rainwater being the main source of supply of usable water, the key to its conservation and maximum utilisation lies in proper management of forests. - Reproduced.
650 _aForests
650 _aWater resources management
773 _aIndian Journal of Public Administration
908 _aN
909 _a58579
999 _c58579
_d58579